| 000 | 02407nam0a22004211 4500 | ||
|---|---|---|---|
| 001 | RU\NLR\A1\176 | ||
| 005 | 20260407102304.0 | ||
| 035 | _a(NLR Aleph) 009670346 | ||
| 090 |
_a9658142 _c9658142 |
||
| 100 | _a19960429d1787 u y0rusy50 ca | ||
| 101 | 1 |
_arus _clat |
|
| 102 | _aRU | ||
| 140 | _ay y zz yaa0000 | ||
| 200 | 1 |
_aГенриха Корнелия Агриппы Разсуждение о монашеской жизни. _fПеревод с латинскаго [Л.М.Максимовича] |
|
| 205 | _aИздание второе | ||
| 210 |
_aМосква _cв типографии Компании типографической _d1787 |
||
| 215 |
_a29, [1] с. _d8° |
||
| 306 | _aВ 1787 г. в моск. кн. лавках конфисковано 1227 экз. | ||
| 316 |
_aЭкз. РНБ (18.123.6.6) в картонном пер., оклеенном мраморной бумагой. Корешок и уголки кожаные. На верхней крышке пер. наклейка с загл.: "Разсуждение о мона". Ярлыки с шифром РНБ на форзаце и нижней крышке пер. Обрез тонированный красный. Круглые штампы ГПБ на тит. л., с. 3, 15, 29 _5NLR: 18.123.6.6 |
||
| 316 |
_aЭкз. РНБ (18.218.6.107) в картонном цельнотканевом пер. Ярлык с шифром РНБ на нижней крышке пер. Круглые штампы ГПБ на тит. л., с. 15 и 29 _5NLR: 18.218.6.107 |
||
| 321 | 1 | _aСК XVIII 64 | |
| 517 | 1 | _aРазсуждение о монашеской жизни | |
| 518 | 1 | _aРассуждение о монашеской жизни | |
| 620 | _dМосква | ||
| 700 | 1 |
_4070 _8rus _7ca _aАгриппа Неттесгеймский _bГ. К. _f1486-1535 _gГенрих Корнелий _3RU\NLR\AUTH\77101273 _984199 |
|
| 702 | 1 |
_aМаксимович _bЛ.М. _gЛев Максимович _4730 |
|
| 712 | 0 | 2 |
_4610 _aТипографическая компания _cМосква _bТипография _3RU\NLR\AUTH\889930188 _9355937 |
| 801 | 0 |
_aRU _bNLR _c19960429 |
|
| 852 |
_aNLR _j18.218.6.107 |
||
| 852 |
_aNLR _j18.123.6.6 |
||
| 899 | _aРГБ | ||
| 899 | _aБАН | ||
| 899 | _aМГУ | ||
| 899 | _aГПИБ | ||
| 942 | _cBOOK | ||
| 980 | _aNB | ||
| 980 | _aA1XVIIIv | ||